| 000 | 00756cam a22002414a 4500 | ||
|---|---|---|---|
| 001 | 12598869 | ||
| 005 | 20180215035454.0 | ||
| 008 | 011126s2001 pauaf if 001 0 eng | ||
| 010 | _a 2001280113 | ||
| 020 | _a0803608756 | ||
| 040 |
_aDLC _cDLC _dDLC |
||
| 041 | _aeng | ||
| 042 | _apcc | ||
| 080 | _a615.1024613 hog | ||
| 082 | 0 | 0 |
_a615.1024613 hop _221 |
| 100 | 1 | _a4 | |
| 101 | _ashm | ||
| 245 | 1 | 0 |
_aPocket companion to accompany Davis's drug guide for nurses : _cJudith Hopfer Deglin, April Hazard Vallerand. |
| 246 | 3 | _aDrug guide for nurses | |
| 906 |
_a7 _bcbc _corigcop _d2 _encip _f20 _gy-gencatlg |
||
| 942 |
_2ddc _cBK |
||
| 999 |
_c42590 _d42590 |
||